000 00366 a2200145 4500
001 170604
020 _a
040 _cMagnum
100 _aMinisterio da Educacao e Cultura
240 1 0 _aExame nacional de cursos - relatorio-sintese 1999
_lpor
245 1 0 _aExame nacional de cursos - relatorio-sintese 1999
362 0 _a1899
697 _aENSINO
942 _cBK
999 _c170604
_d170604